| 000 | 01225nac a22003377a 4500 | ||
|---|---|---|---|
| 001 | BR8100117 | ||
| 003 | BR-BrBNA | ||
| 005 | 20240105114859.0 | ||
| 008 | 230509b bl.|||m| |||| 00| 0 por d | ||
| 040 |
_aBR-BrBNA _bpor _cBiblioteca Nacional de Agricultura |
||
| 072 | _aF30 | ||
| 090 | _a0710 BR8100117 | ||
| 100 | 1 | _aRibeiro, P. de A. | |
| 100 | 1 | _aCamilo, A.P. | |
| 100 | 1 | _aPetri, J.L. | |
| 100 | 1 | _aPereira, A.J. | |
| 100 | 1 | _aCamelatto, D. | |
| 110 | 1 | _aEmpresa Catarinense de Pesquisa Agropecuaria S.A., Florianopolis, SC (Brasil) | |
| 245 | 1 | _aComportamento de algumas cultivares de macieira Malus domestica, Bork em Santa Catarina [Brasil] | |
| 246 | 1 | _a[Behaviour of some apple tree cultivars Malus domestica, Bork in Santa Catarina [Brazil]] | |
| 260 | 3 |
_aFlorianopolis, SC (Brasil): _c1980. |
|
| 300 | _a83 p. | ||
| 490 |
_aBoletim Tecnico. Serie Fruteiras - Empresa Catarinense de Pesquisa Agropecuaria S.A. (Brazil) _vno. 5 _xISSN 0100-4565 |
||
| 500 | _a11 illus.; 9 ref. | ||
| 650 | _aMelhoramento genetico vegetal | ||
| 650 | _aMaca | ||
| 650 | _aComportamento de variedade | ||
| 650 | _aSanta Catarina | ||
| 909 |
_a202312 _bLúcia Elande _c55 _dLúcia Elande |
||
| 942 |
_2AGRIS _n0 _cMS |
||
| 999 |
_c271825 _d271825 |
||